100 Biggest US Cities 2021 - Statistics

General Stats
  • This quiz has been taken 56 times
  • The average score is 65 of 100
Answer Stats
Rank State Population City Population Change from 2010 % Correct
1 New York 8,230,290 New York City +40,080
98%
4 Texas 2,323,660 Houston +223,380
95%
2 California 3,983,540 Los Angeles +188,030
95%
3 Illinois 2,679,080 Chicago -18,400
93%
6 Pennsylvania 1,585,010 Philadelphia +59,730
93%
5 Arizona 1,733,630 Phoenix +284,590
93%
10 Texas 1,011,790 Austin +205,626
91%
9 Texas 1,347,120 Dallas +146,770
91%
7 Texas 1,581,730 San Antonio +249,430
91%
14 Ohio 913,921 Columbus +122,978
88%
19 Colorado 749,103 Denver +145,744
88%
16 Indiana 887,232 Indianapolis +65,653
88%
25 Nevada 667,501 Las Vegas +82,925
88%
28 Tennessee 651,011 Memphis -1,315
88%
24 Oklahoma 669,347 Oklahoma City +86,831
88%
27 Oregon 662,549 Portland +77,120
88%
8 California 1,427,720 San Diego +121,810
88%
18 Washington 776,555 Seattle +165,925
88%
37 Georgia 524,067 Atlanta +94,657
86%
21 Massachusetts 695,506 Boston +74,458
86%
15 North Carolina 912,096 Charlotte +173,652
86%
13 Florida 929,647 Jacksonville +106,533
86%
23 Tennessee 678,448 Nashville +73,859
86%
20 District of Columbia 714,153 Washington DC +108,927
86%
26 Michigan 664,139 Detroit -46,992
84%
12 Texas 942,323 Fort Worth +193,882
84%
32 New Mexico 562,281 Albuquerque +15,526
81%
31 Maryland 575,584 Baltimore -45,331
81%
22 Texas 685,434 El Paso +34,763
81%
40 North Carolina 483,579 Raleigh +77,226
81%
33 Arizona 554,503 Tucson +27,343
81%
38 Missouri 501,957 Kansas City +41,260
79%
42 Florida 478,251 Miami +77,472
79%
30 Wisconsin 587,721 Milwaukee -7,144
79%
46 Minnesota 439,012 Minneapolis +55,945
79%
17 California 883,255 San Francisco +77,750
79%
39 Colorado 489,529 Colorado Springs +68,844
77%
35 Califronia 537,100 Fresno +39,331
77%
29 Kentucky 615,924 Louisville +19,442
77%
11 California 1,009,340 San Jose +54,400
77%
36 California 525,398 Sacramento +58,112
74%
34 Arizona 538,146 Mesa +97,153
72%
41 Nebraska 479,978 Omaha +20,319
72%
47 Florida 404,636 Tampa +67,583
72%
57 Hawaii 341,302 Honolulu +2,181
70%
53 Louisiana 388,424 New Orleans +40,652
70%
48 Oklahoma 402,742 Tulsa +10,339
70%
54 Ohio 376,599 Cleveland -19,327
67%
63 Minnesota 310,368 St Paul +24,858
67%
44 Virginia 450,224 Virginia Beach +11,355
67%
64 Ohio 307,266 Cincinnati +10,286
65%
74 New Jersey 282,529 Newark +5,354
65%
66 Pennsylvania 299,718 Pittsburgh -5,565
65%
73 Alaska 282,958 Anchorage -10,363
63%
100 Idaho 229,993 Boise +20,417
63%
43 California 456,154 Long Beach -6,277
63%
68 Missouri 294,890 St Louis -24,446
63%
50 Kansas 391,352 Wichita +8,607
63%
89 New York 254,290 Buffalo -6,985
60%
56 Nevada 341,531 Henderson +84,079
58%
61 Kentucky 324,604 Lexington +27,756
58%
85 Wisconsin 263,332 Madison +29,602
58%
45 California 440,981 Oakland +49,575
58%
78 Ohio 268,609 Toledo -18,456
58%
87 New Jersey 258,523 Jersey City +10,199
56%
69 Nebraska 293,446 Lincoln +33,991
56%
70 Florida 290,520 Orlando +51,194
56%
80 Nevada 266,511 Reno +40,859
56%
49 Texas 400,316 Arlington +34,424
53%
76 Indiana 276,286 Fort Wayne +22,125
53%
65 North Carolina 301,094 Greensboro +31,496
53%
52 Colorado 388,723 Aurora +62,668
51%
71 North Carolina 287,865 Durham +57,138
51%
51 California 389,007 Bakersfield +40,020
49%
93 Virginia 241,056 Norfolk -1,943
49%
79 Florida 267,121 St Petersburg +21,899
49%
83 Nevada 265,224 North Las Vegas +48,388
47%
98 Virginia 232,866 Richmond +28,564
47%
82 Arizona 265,249 Scottsdale +47,611
47%
55 California 349,699 Anaheim +12,939
44%
91 Virginia 249,787 Chesapeake +26,231
42%
60 Texas 327,144 Corpus Christi +21,872
42%
58 California 334,772 Riverside +29,306
42%
90 North Carolina 250,765 Winston-Salem +20,743
42%
72 Texas 285,537 Plano +24,303
40%
77 Arizona 269,123 Chandler +32,669
37%
86 Arizona 262,514 Gilbert +53,021
37%
88 Arizona 257,233 Glendale +30,997
37%
62 California 314,835 Stockton +21,947
37%
59 California 333,130 Santa Ana +7,803
35%
92 California 247,708 Fremont +33,155
33%
67 California 298,739 Irvine +85,289
33%
84 Texas 263,648 Lubbock +32,543
33%
75 California 281,838 Chula Vista +37,190
30%
99 Florida 230,135 Hialeah +4,665
30%
81 Texas 265,761 Laredo +28,954
30%
96 Nevada 235,087 Paradise +11,920
30%
97 Virginia 233,464 Arlington +25,837
28%
95 Texas 236,366 Garland +9,021
28%
94 Texas 236,546 Irving +19,687
28%
No matching quizzes found
Score Distribution
Percent of People with Each Score
Percentile by Number Answered
Your Score History
You have not taken this quiz